书目信息 |
| 题名: |
芥子园画传
|
|
| 作者: | 胡佩衡选订 | |
| 分册: | 第一集 山水(巢勋临本) | |
| 出版信息: | 北京 人民美术出版社 1983 |
|
| 页数: | 420页 | |
| 开本: | 22cm | |
| 丛书名: | ||
| 单 册: | ||
| 中图分类: | J222.49 | |
| 科图分类: | ||
| 主题词: | 绘画--中国 | |
| 电子资源: | ||
| ISBN: | ||
| 000 | 00613nam0 2200229 45 | |
| 001 | 0179004943 | |
| 005 | 20040518145937.2 | |
| 010 | @dCNY2.30 | |
| 091 | @a8027.3563 | |
| 100 | @a19950724d1983 em y0chiy0121 ea | |
| 101 | 0 | @achi |
| 102 | @aCN@b110000 | |
| 105 | @aa z 000yy | |
| 106 | @ar | |
| 200 | 10 | @a芥子园画传@Ajie zi yuan hua zhuan@h第一集@i山水(巢勋临本)@f胡佩衡选订@FHu Pei Heng Xuan Ding |
| 210 | @a北京@c人民美术出版社@d1983 | |
| 215 | @a420页@d22cm | |
| 606 | 0 | @a绘画@x中国 |
| 690 | @aJ222.49 | |
| 701 | 0 | @a胡佩衡选订 |
| 801 | 0 | @aCN@bNLC@c20040518 |
| 905 | @f2@b208148-149@dJ222.49@e16:1 | |
| 芥子园画传.第一集.山水(巢勋临本)/胡佩衡选订.-北京:人民美术出版社,1983 |
| 420页;22cm |
| ISBN :CNY2.30 |
| ● |
| 相关链接 |
|
|
|
|
正题名:芥子园画传
索取号:J222.49/16:1
 
预约/预借
| 序号 | 登录号 | 条形码 | 馆藏地/架位号 | 状态 | 备注 |
| 1 | 0208148 | 000795401 | 第一借阅区/ [索取号:J222.49/16:1] | 在馆 | |
| 2 | 0208150 | 001214858 | 第一样本阅览室/ [索取号:J222.49/16:1] | 在馆 |